| 000 | 00446nam a2200169 a 4500 | ||
|---|---|---|---|
| 005 | 20140412111233.0 | ||
| 008 | 010522s19uu xx 00 eng d | ||
| 020 | _a0-590-46462-0 | ||
| 050 |
_aM 411 _bM36 1989 |
||
| 100 | _aMcPhail, David | ||
| 245 |
_aAnimals A to Z / _cDavid McPhail. |
||
| 260 |
_aNew York : _bScholastic Inc, _c1989. |
||
| 300 | _a1v. (unp.) ; ill. | ||
| 500 | _a"Cartwheel Books" | ||
| 650 | _aAnimals | ||
| 999 |
_c102262 _d102262 |
||